000 00942cad a22002055a 4500
001 L157446
008 121130s2012 xxk f 000 0 eng d
035 _a(Sirsi) u157446
041 0 _aeng
110 2 _aUnited Kingdom
_bDepartment of Energy and Climate Change
_95850
245 0 0 _aGreen Deal Code of Practice
_h[electronic resource]
260 _aLondon
_bDECC
_c2012
520 _aSets out the requirements designed to ensure all Green Deal participants and certification bodies operate fairly and transparently, deliver good customer service, have appropriate levels of training and provide suitable redress mechanisms for customers.
590 _aKA
651 4 _aUnited Kingdom
690 _aEnergy
_96237
690 _aSustainability
_96271
856 4 0 _uhttps://www.decc.gov.uk/assets/decc/11/tackling-climate-change/green-deal/6533-green-deal-code-of-practice.pdf
_zView the item free of charge at www.decc.gov.uk
942 _n0
999 _c114774
_d114774